000 00422nam a2200133 4500
999 _c13691
_d13691
008 160812b xxu||||| |||| 00| 0 eng d
020 _a9789966192813
020 _a9966192816
050 _aHT167 .L85 2016
100 _aLukalo, Fabian
245 _aIncreasing the bundle of land rights for schools in Nyeri County - Kenya/
260 _aNairobi :
_bGovernment Press,
_c2016.
300 _av, 37p. :
_bill. (some col.) ;
_c23cm.
440 _aNLC working paper series, no. 2
700 _aIsak, Saida
942 _2lcc
_cAFRICANA